00367nam a2200145Ia 4500008004100000020001800041041000800059082001600067100001800083245003000101260002900131300002700160365001600187700001800203230718s9999 xx 000 0 und d a9789384588908 aeng a621.51bJAG aJagadeesha T. aHydraulics and Pneumatics c2015bI.K. International a427dRef 182 M (56113) cRs.b395.00 aJagadeesha T.